[Event "Chess24 Banter Blitz Cup"]
[Site "chess24.com INT"]
[Date "2020.03.10"]
[Round "2.4"]
[White "Duda, Jan-Krzysztof"]
[Black "Moussard, Jules"]
[Result "1-0"]
[WhiteTitle "GM"]
[BlackTitle "GM"]
[WhiteElo "2734"]
[BlackElo "2608"]
[WhiteFideId "1170546"]
[BlackFideId "642908"]
[EventDate "2019.09.25"]
[EventType "blitz"]

1. d4 f5 2. Nc3 Nf6 3. Bg5 d5 4. e3 e6 5. Nf3 a6 6. Ne5 c5 7. g4 Be7 8. gxf5
exf5 9. dxc5 Be6 10. Bg2 Ne4 11. Qh5+ Kf8 12. Ng6+ hxg6 13. Qxh8+ Bg8 14. Bxe7+
Qxe7 15. Bxe4 dxe4 16. O-O-O Nd7 17. Rd6 Nf6 18. Rhd1 Rc8 19. Nd5 Nxd5 20. R1xd5
Qg5 21. Rd7 Qf6 22. R5d6 1-0

[Event "Chess24 Banter Blitz Cup"]
[Site "chess24.com INT"]
[Date "2020.03.10"]
[Round "2.5"]
[White "Moussard, Jules"]
[Black "Duda, Jan-Krzysztof"]
[Result "1-0"]
[WhiteTitle "GM"]
[BlackTitle "GM"]
[WhiteElo "2608"]
[BlackElo "2734"]
[WhiteFideId "642908"]
[BlackFideId "1170546"]
[EventDate "2019.09.25"]
[EventType "blitz"]

1. e4 c5 2. d3 d5 3. g3 dxe4 4. dxe4 Qxd1+ 5. Kxd1 Nf6 6. f3 Nc6 7. c3 Bd7 8.
Be3 O-O-O 9. Kc2 e6 10. Nd2 Be7 11. a4 Ne5 12. Nh3 h6 13. Nf2 Bc6 14. Bb5 Rd7
15. Bxc6 Nxc6 16. Nc4 Rhd8 17. Rhd1 b6 18. Nd3 Ne8 19. Nde5 Rxd1 20. Rxd1 Rxd1
21. Kxd1 Nd8 22. h4 Nd6 23. Bf2 Nxc4 24. Nxc4 Nc6 25. h5 Kb7 26. g4 a6 27. Bg3
Nd8 28. Nd6+ Kc6 29. Ne8 Bf8 30. Nc7 b5 31. axb5+ axb5 32. Ke2 Nb7 33. Na6 Na5
34. Nb8+ Kb7 35. Nd7 Be7 36. Ne5 f6 37. Ng6 Bd8 38. Bd6 Kc6 39. Bf8 f5 40. exf5
exf5 41. Bxg7 fxg4 42. fxg4 Bg5 43. Ne5+ Kd5 44. Nf7 Bc1 45. Bxh6 Bxb2 46. Bg7
Ke6 47. Ng5+ Ke7 48. h6 b4 49. cxb4 cxb4 50. Bxb2 Nc4 51. Bd4 Nb2 52. Bxb2 Kd6
53. h7 Kd5 54. h8=Q Kc4 55. Qd4+ Kb5 56. Ne4 Ka4 57. Nc5+ Kb5 58. Nd3 Ka4 59.
Qxb4# 1-0

[Event "Chess24 Banter Blitz Cup"]
[Site "chess24.com INT"]
[Date "2020.03.10"]
[Round "2.6"]
[White "Duda, Jan-Krzysztof"]
[Black "Moussard, Jules"]
[Result "1/2-1/2"]
[WhiteTitle "GM"]
[BlackTitle "GM"]
[WhiteElo "2734"]
[BlackElo "2608"]
[WhiteFideId "1170546"]
[BlackFideId "642908"]
[EventDate "2019.09.25"]
[EventType "blitz"]

1. d4 d5 2. Nf3 Nf6 3. c4 e6 4. Nc3 Be7 5. Bg5 h6 6. Bh4 dxc4 7. e3 c5 8. Bxc4
cxd4 9. Nxd4 Bd7 10. O-O Nc6 11. Rc1 O-O 12. Bg3 Nxd4 13. Qxd4 Bc6 14. Qe5 Qb6
15. Bb3 Nd7 16. Qc7 Qxc7 17. Bxc7 Nc5 18. Bc2 Rac8 19. Bf4 Rfd8 20. Rfd1 Bf6 21.
Rxd8+ Rxd8 22. Rd1 Rxd1+ 23. Nxd1 e5 24. Bg3 e4 25. Bd6 b6 26. Bxc5 bxc5 27. Kf1
Be5 28. h4 f5 29. g3 Kf7 30. Ke1 g5 31. hxg5 hxg5 32. Kd2 Ke6 33. Bb3+ Bd5 34.
Bxd5+ Kxd5 35. Nc3+ Kc6 36. Kc2 g4 37. Kb3 a6 38. Kc4 Bxc3 39. Kxc3 Kd5 40. Kb3
Kc6 41. Kc4 Kd6 42. Kb3 Kc6 43. Ka4 Kb6 44. Kb3 Kb5 45. Kc3 c4 46. a3 Kc5 47. a4
a5 48. b3 cxb3 49. Kxb3 Kd5 50. Kc3 Kc5 51. Kb3 Kd5 52. Kc3 Kc5 53. Kb3 1/2-1/2

[Event "Chess24 Banter Blitz Cup"]
[Site "chess24.com INT"]
[Date "2020.03.10"]
[Round "2.7"]
[White "Moussard, Jules"]
[Black "Duda, Jan-Krzysztof"]
[Result "1/2-1/2"]
[WhiteTitle "GM"]
[BlackTitle "GM"]
[WhiteElo "2608"]
[BlackElo "2734"]
[WhiteFideId "642908"]
[BlackFideId "1170546"]
[EventDate "2019.09.25"]
[EventType "blitz"]

1. e4 d5 2. Nc3 dxe4 3. Nxe4 Bf5 4. Ng3 Bg6 5. Nf3 Nd7 6. d4 e6 7. Bd3 Ngf6 8.
O-O Bd6 9. Re1 Bxd3 10. Qxd3 O-O 11. b3 a5 12. a4 Nd5 13. Ne4 N7f6 14. Nxd6 cxd6
15. Ba3 Qb6 16. c4 Nb4 17. Qd2 Na6 18. Rab1 Rfd8 19. h3 Rac8 20. Rec1 Qc7 21.
Ne1 b6 22. Nf3 Qb7 23. Qe2 h6 24. Rc2 Ne4 25. Re1 Nf6 26. Rec1 Rc7 27. Ne1 d5
28. Nf3 dxc4 29. bxc4 Nb8 30. Rb1 Nbd7 31. Bd6 Rcc8 32. c5 Qc6 33. Ne5 Nxe5 34.
dxe5 Nd5 35. Qb5 bxc5 36. Rxc5 Qa8 37. Rbc1 Nf4 38. f3 Rxc5 39. Rxc5 Rc8 40. Qc4
Rxc5 41. Bxc5 Nd5 42. Qb5 h5 43. Bf2 Qd8 44. Be1 h4 45. Qxa5 Qg5 46. Qd2 Nf4 47.
Kh1 Qxe5 48. Bxh4 Qa1+ 49. Kh2 Qxa4 50. Bg3 Ng6 51. Bf2 Nf8 52. Qd4 Qxd4 53.
Bxd4 f5 54. Bf2 Kf7 1/2-1/2

[Event "Chess24 Banter Blitz Cup"]
[Site "chess24.com INT"]
[Date "2020.03.10"]
[Round "2.8"]
[White "Duda, Jan-Krzysztof"]
[Black "Moussard, Jules"]
[Result "1/2-1/2"]
[WhiteTitle "GM"]
[BlackTitle "GM"]
[WhiteElo "2734"]
[BlackElo "2608"]
[WhiteFideId "1170546"]
[BlackFideId "642908"]
[EventDate "2019.09.25"]
[EventType "blitz"]

1. e4 c5 2. Nf3 e6 3. g3 Nc6 4. Bg2 Nf6 5. Qe2 e5 6. O-O Be7 7. c3 O-O 8. d3 Re8
9. Na3 d5 10. exd5 Qxd5 11. Nc4 Bf8 12. Ng5 Qd7 13. a4 h6 14. Ne4 Nd5 15. Rd1 b6
16. Qf3 Rd8 17. a5 Rb8 18. axb6 axb6 19. Ned6 Bxd6 20. Qxd5 Ne7 21. Qxd6 Qxd6
22. Nxd6 Rxd6 23. Ra7 Rd7 24. Rxd7 Bxd7 25. f4 exf4 26. Bxf4 Rc8 27. Re1 Ng6 28.
Bd6 Bf5 29. d4 cxd4 30. cxd4 Rd8 31. Be5 f6 32. Bc7 Rxd4 33. Re2 Rb4 34. Rd2 Ne5
35. Bd5+ Kh7 36. Bd6 Rb5 37. Bxe5 fxe5 38. Kf2 Kg6 39. Ke3 Kf6 40. Bc4 Rc5 41.
b3 b5 42. Rd5 Rxd5 43. Bxd5 b4 44. Bf3 Be6 45. Bd1 Bd5 46. Bc2 g5 47. Bd1 Ke6
48. Bc2 Kd6 49. Bd1 Kc5 50. Bc2 Bc6 51. Bd1 Kd6 52. Bc2 Bd5 53. Bd1 Be6 54. Bc2
Bd5 1/2-1/2

[Event "Chess24 Banter Blitz Cup"]
[Site "chess24.com INT"]
[Date "2020.03.10"]
[Round "2.9"]
[White "Moussard, Jules"]
[Black "Duda, Jan-Krzysztof"]
[Result "0-1"]
[WhiteTitle "GM"]
[BlackTitle "GM"]
[WhiteElo "2608"]
[BlackElo "2734"]
[WhiteFideId "642908"]
[BlackFideId "1170546"]
[EventDate "2019.09.25"]
[EventType "blitz"]

1. e4 d5 2. exd5 Qxd5 3. Nc3 Qd8 4. Nf3 Nf6 5. d4 g6 6. Bc4 Bg7 7. h3 O-O 8. O-O
a6 9. a4 b6 10. Bg5 Bb7 11. Re1 Nc6 12. Bb3 h6 13. Bh4 e6 14. d5 exd5 15. Nxd5
g5 16. Nxg5 Nxd5 17. Nxf7 Qxh4 18. Qxd5 Na5 19. Qe6 Nxb3 20. Ne5+ Kh7 21. Qg6+
Kh8 22. Nf7+ Rxf7 23. Qxf7 Nxa1 0-1

[Event "Chess24 Banter Blitz Cup"]
[Site "chess24.com INT"]
[Date "2020.03.10"]
[Round "2.10"]
[White "Duda, Jan-Krzysztof"]
[Black "Moussard, Jules"]
[Result "1-0"]
[WhiteTitle "GM"]
[BlackTitle "GM"]
[WhiteElo "2734"]
[BlackElo "2608"]
[WhiteFideId "1170546"]
[BlackFideId "642908"]
[EventDate "2019.09.25"]
[EventType "blitz"]

1. e4 c5 2. Nf3 e6 3. g3 Nf6 4. d3 Nc6 5. Bg2 d5 6. Nbd2 Be7 7. O-O O-O 8. Re1
b5 9. e5 Nd7 10. Nf1 Bb7 11. h4 Qc7 12. Bf4 Rae8 13. N1h2 Qd8 14. Qd2 f6 15.
exf6 Bxf6 16. Bd6 Rf7 17. Ng5 Bxg5 18. hxg5 Nd4 19. c3 Nf5 20. Be5 Ref8 21. Ng4
Qb6 22. d4 Nxe5 23. Nxe5 Re7 24. Rad1 cxd4 25. cxd4 Rc7 26. Bh3 a5 27. g6 hxg6
28. Nxg6 Rf6 29. Ne5 Nd6 30. Ng4 Rg6 31. Qd3 Nf5 32. Ne3 Rf7 33. Nxf5 exf5 34.
Re8+ Rf8 35. Rxf8+ Kxf8 36. Qxf5+ Rf6 37. Qe5 Qd6 38. Rc1 Qxe5 39. dxe5 Rc6 40.
Rxc6 Bxc6 41. Bg2 b4 42. f4 Ke7 43. Kf2 Ke6 44. Bh3+ Ke7 45. Ke3 Bb5 46. Kd4 a4
47. a3 bxa3 48. bxa3 Bc4 1-0

[Event "Chess24 Banter Blitz Cup"]
[Site "chess24.com INT"]
[Date "2020.03.10"]
[Round "2.11"]
[White "Moussard, Jules"]
[Black "Duda, Jan-Krzysztof"]
[Result "1/2-1/2"]
[WhiteTitle "GM"]
[BlackTitle "GM"]
[WhiteElo "2608"]
[BlackElo "2734"]
[WhiteFideId "642908"]
[BlackFideId "1170546"]
[EventDate "2019.09.25"]
[EventType "blitz"]

1. e4 c5 2. d3 Nc6 3. g3 g6 4. Bg2 Bg7 5. f4 d6 6. Nf3 e5 7. O-O Nge7 8. f5 gxf5
9. Nc3 fxe4 10. dxe4 Nd4 11. Nh4 h6 12. Nd5 Nxd5 13. exd5 Bf6 14. c3 Bxh4 15.
cxd4 Bg5 16. Qh5 O-O 17. dxe5 dxe5 18. h4 Bxc1 19. Raxc1 Qd6 20. Rce1 f5 21. g4
Bd7 22. gxf5 Kh8 23. f6 Rxf6 24. Rxf6 Qxf6 25. Qxe5 Rf8 26. Qxf6+ Rxf6 27. Re7
Rd6 28. Kf2 Kg8 29. Ke3 Kf8 30. Rh7 Ke8 31. Kf4 Ra6 32. Ke5 c4 33. Be4 Kd8 34.
d6 Ra5+ 35. Kf6 Rxa2 36. Bg6 Bh3 37. Rxb7 Ra6 38. Ke5 Rb6 39. Rxa7 Rxb2 40. Ra8+
Bc8 41. Bf7 c3 42. Ra1 Re2+ 43. Kd4 c2 44. Rc1 Bf5 45. Bc4 Rd2+ 46. Kc3 Rd1 47.
Kb2 Kd7 48. Bb3 Kxd6 49. Rxd1+ cxd1=Q 50. Bxd1 Ke5 51. Kc3 Kf4 52. Kd2 Kg3 53.
Ke1 Kxh4 54. Kf2 Bg4 55. Bc2 h5 56. Bg6 Kg5 57. Bxh5 1/2-1/2

[Event "Chess24 Banter Blitz Cup"]
[Site "chess24.com INT"]
[Date "2020.03.10"]
[Round "2.12"]
[White "Duda, Jan-Krzysztof"]
[Black "Moussard, Jules"]
[Result "1-0"]
[WhiteTitle "GM"]
[BlackTitle "GM"]
[WhiteElo "2734"]
[BlackElo "2608"]
[WhiteFideId "1170546"]
[BlackFideId "642908"]
[EventDate "2019.09.25"]
[EventType "blitz"]

1. d4 Nf6 2. Nf3 e6 3. Bg5 d5 4. Nbd2 Be7 5. e3 O-O 6. Bd3 h6 7. Bh4 c5 8. c3
Nc6 9. O-O b6 10. Ne5 Bb7 11. f4 Nd7 12. Bg3 Rc8 13. a4 Ndb8 14. Qh5 Ba6 15. Bb5
Bb7 16. f5 Nxe5 17. Bxe5 Bg5 18. fxe6 fxe6 19. Qg6 Qe7 20. Bd3 Bxe3+ 21. Kh1 Rf5
22. g4 Nd7 23. gxf5 Nxe5 24. dxe5 Qg5 25. Qxe6+ Kh8 26. Nf3 Qf4 27. f6 d4 28.
fxg7+ Kxg7 29. Qd7+ Kf8 30. Qxb7 1-0

[Event "Chess24 Banter Blitz Cup"]
[Site "chess24.com INT"]
[Date "2020.03.10"]
[Round "2.13"]
[White "Moussard, Jules"]
[Black "Duda, Jan-Krzysztof"]
[Result "1/2-1/2"]
[WhiteTitle "GM"]
[BlackTitle "GM"]
[WhiteElo "2608"]
[BlackElo "2734"]
[WhiteFideId "642908"]
[BlackFideId "1170546"]
[EventDate "2019.09.25"]
[EventType "blitz"]

1. f4 b6 2. e4 Bb7 3. Nc3 c5 4. Nf3 g6 5. Bc4 Bg7 6. O-O e6 7. d3 Ne7 8. f5 gxf5
9. Bg5 f6 10. Bh4 a6 11. Ne5 O-O 12. exf5 d5 13. Bb3 Nxf5 14. Rxf5 exf5 15. Qf3
Kh8 16. Qxf5 fxe5 17. Bxd8 Rxf5 18. Bxb6 Nd7 19. Bc7 c4 20. dxc4 d4 21. Nd5 Raf8
22. Re1 Nc5 23. Bd6 Nxb3 24. Bxf8 Rxf8 25. axb3 Bxd5 26. cxd5 Rd8 27. Ra1 Rxd5
28. Rxa6 Bf8 29. Ra8 Kg7 1/2-1/2

[Event "Chess24 Banter Blitz Cup"]
[Site "chess24.com INT"]
[Date "2020.03.10"]
[Round "3.1"]
[White "Shimanov, Aleksandr"]
[Black "Bluebaum, Matthias"]
[Result "0-1"]
[WhiteTitle "GM"]
[BlackTitle "GM"]
[WhiteElo "2587"]
[BlackElo "2643"]
[WhiteFideId "4198603"]
[BlackFideId "24651516"]
[EventDate "2019.09.25"]
[EventType "blitz"]

1. d4 d5 2. Bf4 c5 3. e3 Nc6 4. c3 Qb6 5. Qb3 c4 6. Qc2 e5 7. dxe5 Bf5 8. Qc1 g5
9. Bg3 h5 10. h4 g4 11. Ne2 Bg7 12. Nd4 Nge7 13. Nd2 Nxe5 14. Bxe5 Bxe5 15. g3
Bg6 16. Be2 Rc8 17. O-O O-O 18. Bd1 Qd6 19. Kg2 Bxd4 20. exd4 Rce8 21. Bc2 Qf6
22. Re1 Nc6 23. Ba4 Re6 24. Bxc6 bxc6 25. Rxe6 Qxe6 26. Qe1 Re8 27. Qd1 Bd3 28.
b3 Qf5 29. Qg1 Re2 30. Rd1 Bc2 0-1

[Event "Chess24 Banter Blitz Cup"]
[Site "chess24.com INT"]
[Date "2020.03.10"]
[Round "3.2"]
[White "Bluebaum, Matthias"]
[Black "Shimanov, Aleksandr"]
[Result "1-0"]
[WhiteTitle "GM"]
[BlackTitle "GM"]
[WhiteElo "2643"]
[BlackElo "2587"]
[WhiteFideId "24651516"]
[BlackFideId "4198603"]
[EventDate "2019.09.25"]
[EventType "blitz"]

1. d4 Nf6 2. c4 g6 3. Nc3 Bg7 4. e4 O-O 5. Nf3 d6 6. Be2 e5 7. Be3 Ng4 8. Bg5 f6
9. Bh4 Nc6 10. d5 Ne7 11. Nd2 Nh6 12. f3 Nf7 13. b4 c6 14. Nb3 cxd5 15. Nxd5
Nxd5 16. Qxd5 Qb6 17. a3 Re8 18. Bf2 Qc7 19. O-O Be6 20. Qd3 f5 21. Rac1 b6 22.
Rfd1 Rad8 23. Qc2 Bh6 24. Rb1 Rc8 25. c5 Qe7 26. c6 Red8 27. b5 d5 28. exd5 Bxd5
29. Bc4 Qe6 30. Rxd5 Rxd5 31. a4 Qd6 32. Bxd5 Qxd5 33. Rd1 Qe6 34. a5 Nd6 35.
Qd3 Bf8 36. axb6 e4 37. Qd5 Qxd5 38. Rxd5 axb6 39. Bxb6 Rb8 40. Bc7 Rxb5 41.
Bxd6 Rxd5 42. c7 e3 43. Kf1 Rd1+ 44. Ke2 Rxd6 45. c8=Q 1-0

[Event "Chess24 Banter Blitz Cup"]
[Site "chess24.com INT"]
[Date "2020.03.10"]
[Round "3.3"]
[White "Shimanov, Aleksandr"]
[Black "Bluebaum, Matthias"]
[Result "1-0"]
[WhiteTitle "GM"]
[BlackTitle "GM"]
[WhiteElo "2587"]
[BlackElo "2643"]
[WhiteFideId "4198603"]
[BlackFideId "24651516"]
[EventDate "2019.09.25"]
[EventType "blitz"]

1. g3 d5 2. Bg2 Nf6 3. Nf3 Bg4 4. c4 c6 5. Ne5 Be6 6. cxd5 Bxd5 7. Nf3 c5 8. Nc3
Bc6 9. O-O e6 10. Re1 Be7 11. e4 O-O 12. d4 cxd4 13. Nxd4 Bc5 14. Be3 Nfd7 15.
Rc1 Qe7 16. a3 a6 17. b4 Ba7 18. Qb3 Rd8 19. Red1 Ne5 20. a4 Ng4 21. b5 Nxe3 22.
fxe3 Be8 23. b6 Bxb6 24. Qxb6 Nd7 25. Qxb7 Qg5 26. Qb2 Nc5 27. a5 Rab8 28. Qf2
h5 29. Rb1 Rxb1 30. Rxb1 Nd3 31. Qe2 Ne5 32. Nd1 Ng4 33. Bf3 Nf6 34. Qxa6 h4 35.
Qe2 hxg3 36. hxg3 Qxg3+ 37. Qg2 Qc7 38. a6 Qa5 39. Qe2 Ra8 40. e5 Nd5 41. Bxd5
Qxd5 42. Ra1 Qxe5 43. Nf2 Bc6 44. Rc1 Qg3+ 45. Kf1 Bg2+ 46. Ke1 Qd6 47. Ra1 Qb4+
48. Qd2 Qe7 49. Nb5 Bd5 50. Qd4 Qg5 51. Ke2 Bc6 52. Nc3 Bb5+ 53. Nxb5 Qxb5+ 54.
Nd3 Rxa6 55. Rxa6 Qxa6 56. Qd8+ Kh7 57. Qh4+ Kg8 58. Qd4 Qa2+ 59. Kf3 Qa8+ 60.
e4 f6 61. Qd7 e5 62. Qe6+ Kh7 63. Nf2 Qa3+ 64. Kg2 Qe3 65. Qf5+ Kh6 66. Ng4# 1-0

[Event "Chess24 Banter Blitz Cup"]
[Site "chess24.com INT"]
[Date "2020.03.10"]
[Round "3.4"]
[White "Bluebaum, Matthias"]
[Black "Shimanov, Aleksandr"]
[Result "1-0"]
[WhiteTitle "GM"]
[BlackTitle "GM"]
[WhiteElo "2643"]
[BlackElo "2587"]
[WhiteFideId "24651516"]
[BlackFideId "4198603"]
[EventDate "2019.09.25"]
[EventType "blitz"]

1. d4 Nf6 2. c4 e6 3. g3 c5 4. d5 exd5 5. cxd5 d6 6. Nc3 g6 7. Bg2 Bg7 8. Nf3
O-O 9. O-O Re8 10. a4 Na6 11. Nd2 Nc7 12. Nc4 b6 13. Bf4 Bf8 14. e4 Ba6 15. b3
Bxc4 16. bxc4 Nd7 17. Re1 a6 18. Rb1 Rb8 19. Bd2 Bg7 20. f4 h5 21. Qf3 Bd4+ 22.
Kh1 Bg7 23. e5 dxe5 24. f5 e4 25. Nxe4 Ne5 26. Qf1 gxf5 27. Qxf5 Nxc4 28. Bg5
Qc8 29. Nf6+ Bxf6 30. Qxf6 Rxe1+ 31. Rxe1 Ne8 32. Qf4 Ncd6 33. Be7 Nf5 34. Bh3
Neg7 35. Bf6 Qb7 36. Bxf5 Qxd5+ 37. Be4 1-0

[Event "Chess24 Banter Blitz Cup"]
[Site "chess24.com INT"]
[Date "2020.03.10"]
[Round "3.5"]
[White "Shimanov, Aleksandr"]
[Black "Bluebaum, Matthias"]
[Result "0-1"]
[WhiteTitle "GM"]
[BlackTitle "GM"]
[WhiteElo "2587"]
[BlackElo "2643"]
[WhiteFideId "4198603"]
[BlackFideId "24651516"]
[EventDate "2019.09.25"]
[EventType "blitz"]

1. g3 d5 2. Bg2 e5 3. d3 Nf6 4. Nf3 Bd6 5. O-O O-O 6. c4 c6 7. Nc3 d4 8. Nb1 h6
9. Na3 Bf5 10. Nc2 c5 11. Nh4 Bc8 12. a3 Nc6 13. Bd2 a5 14. e4 dxe3 15. Nxe3 Nd4
16. Bc3 Bc7 17. Nd5 Nxd5 18. Bxd5 Rb8 19. Bxd4 exd4 20. Qf3 Qd6 21. a4 Bd8 22.
Ng2 b6 23. Rfe1 Bf6 24. Re2 Bd7 25. b3 Rbe8 26. Rae1 Rxe2 27. Rxe2 Re8 28. Nf4
Rxe2 29. Qxe2 Qe5 30. Qe4 Bf5 31. Qf3 Bg5 32. Ng2 Bd2 33. h4 g6 34. g4 Be6 35.
Bxe6 Qxe6 36. Kf1 Qd6 37. Ke2 Bc1 38. Qe4 Qh2 39. Qf3 Kg7 40. Qg3 Qh1 41. Ne1
Qc6 42. Qe5+ Qf6 43. Nf3 Bf4 44. Qe4 g5 45. h5 Qe6 46. Qxe6 fxe6 47. Ng1 Kf6 48.
Kf3 Ke5 49. Ke2 Kf6 50. Nf3 Bd6 51. Kf1 Bf4 52. Kg2 e5 53. Ng1 e4 54. dxe4 d3
55. Kf1 Ke5 56. f3 Kd4 57. Ke1 Kc3 58. Nh3 Kc2 59. Nf2 Bg3 60. Kf1 Bxf2 61. Kxf2
d2 62. e5 d1=Q 63. e6 Qd2+ 64. Kg3 Qf4+ 65. Kg2 Qe5 66. f4 Qxf4 67. e7 Qxg4+ 68.
Kf2 Qe6 69. Kg3 Qxe7 70. Kf3 Qe5 71. Kg4 Qf4+ 72. Kh3 g4+ 73. Kh4 g3+ 74. Kh3
Qf2 75. Kg4 g2 76. Kh3 Kb2 77. Kh2 g1=Q+ 78. Kh3 Qfh2# 0-1

[Event "Chess24 Banter Blitz Cup"]
[Site "chess24.com INT"]
[Date "2020.03.10"]
[Round "3.6"]
[White "Bluebaum, Matthias"]
[Black "Shimanov, Aleksandr"]
[Result "1-0"]
[WhiteTitle "GM"]
[BlackTitle "GM"]
[WhiteElo "2643"]
[BlackElo "2587"]
[WhiteFideId "24651516"]
[BlackFideId "4198603"]
[EventDate "2019.09.25"]
[EventType "blitz"]

1. d4 d5 2. c4 c6 3. Nc3 Nf6 4. e3 a6 5. Nf3 e6 6. b3 Bb4 7. Bd2 O-O 8. Bd3 Nbd7
9. O-O Qe7 10. Bc2 Bd6 11. e4 dxe4 12. Nxe4 Nxe4 13. Bxe4 f5 14. Bc2 e5 15. dxe5
Nxe5 16. Re1 Nxf3+ 17. Qxf3 Qc7 18. g3 Bd7 19. Bc3 Rf7 20. Rad1 Bf8 21. Be5 Qc8
22. Qf4 b5 23. h4 Qb7 24. h5 h6 25. Bd6 Bxd6 26. Rxd6 Raf8 27. c5 a5 28. b4 a4
29. a3 Kh8 30. Bb1 Qc8 31. Ba2 Rf6 32. Re7 Be8 33. Qe5 Bxh5 34. Rdd7 Be8 35. Rc7
Qd8 36. Rxg7 Qd1+ 37. Kg2 Bg6 38. Rg8+ 1-0

[Event "Chess24 Banter Blitz Cup"]
[Site "chess24.com INT"]
[Date "2020.03.10"]
[Round "3.7"]
[White "Shimanov, Aleksandr"]
[Black "Bluebaum, Matthias"]
[Result "0-1"]
[WhiteTitle "GM"]
[BlackTitle "GM"]
[WhiteElo "2587"]
[BlackElo "2643"]
[WhiteFideId "4198603"]
[BlackFideId "24651516"]
[EventDate "2019.09.25"]
[EventType "blitz"]

1. c4 e6 2. g3 d5 3. Bg2 Nf6 4. Nf3 dxc4 5. O-O a6 6. Qc2 Bd6 7. a4 O-O 8. Na3
b5 9. axb5 axb5 10. Nd4 Rxa3 11. bxa3 Be5 12. e3 c5 13. Nxb5 Bxa1 14. Qxc4 Ba6
15. Qxc5 Nbd7 16. Qb4 Qb6 17. a4 Rb8 18. Ba3 Be5 19. Rb1 h6 20. d4 Bc7 21. Qe7
Bd8 22. Qb4 Bb7 23. Bxb7 Qxb7 24. Qc4 Ra8 25. Ra1 h5 26. h4 Nb6 27. Qb4 Nbd7 28.
Qc4 Qd5 29. Qc2 g5 30. hxg5 Qxg5 31. Bd6 Qd5 32. Bf4 Nb6 33. Nc3 Qc6 34. Qb3
Nbd5 35. Nb5 Nxf4 36. exf4 Bb6 37. Re1 Qd5 38. Qd1 Kg7 39. Re5 Qa2 40. Rg5+ Kf8
41. f5 Qxa4 42. Qe2 Qa1+ 43. Kg2 Ra2 44. Qf3 e5 45. Qc6 Rxf2+ 46. Kxf2 Bxd4+ 47.
Nxd4 Qxd4+ 48. Kg2 Qd2+ 49. Kh3 Qxg5 50. Qd6+ Kg7 51. Qd8 Qg4+ 52. Kh2 h4 53.
Qd3 hxg3+ 54. Qxg3 Qxg3+ 55. Kxg3 e4 56. Kf2 Kh6 57. Ke2 Kg5 58. Ke3 Kxf5 59.
Kd4 Kf4 60. Kc5 e3 61. Kb6 Kf3 62. Kc7 e2 63. Kd8 e1=Q 64. Kc7 Qe6 0-1

[Event "Chess24 Banter Blitz Cup"]
[Site "chess24.com INT"]
[Date "2020.03.10"]
[Round "3.8"]
[White "Bluebaum, Matthias"]
[Black "Shimanov, Aleksandr"]
[Result "1-0"]
[WhiteTitle "GM"]
[BlackTitle "GM"]
[WhiteElo "2643"]
[BlackElo "2587"]
[WhiteFideId "24651516"]
[BlackFideId "4198603"]
[EventDate "2019.09.25"]
[EventType "blitz"]

1. d4 g6 2. c4 Bg7 3. e4 d6 4. Nc3 e5 5. Nf3 Bg4 6. d5 a5 7. Be2 Na6 8. Be3 Nf6
9. Nd2 h5 10. h3 Bd7 11. a3 Bh6 12. Bxh6 Rxh6 13. Rb1 Nc5 14. b4 axb4 15. axb4
Na4 16. Qc1 Kf8 17. c5 Kg7 18. Bd3 h4 19. Nc4 Qe7 20. Ra1 dxc5 21. bxc5 Qxc5 22.
Nxe5 Qd4 23. Nxd7 Qxd3 24. Qd2 Qxd2+ 25. Kxd2 Nxd7 26. Nxa4 Rhh8 27. Rhc1 Rhc8
28. Nb2 Rxa1 29. Rxa1 f5 30. exf5 gxf5 31. Ra7 Nc5 32. Nd3 Ne4+ 33. Ke3 Nd6 34.
Kf4 Kf6 35. Nc5 Re8 36. Nxb7 Re4+ 37. Kf3 Nc4 38. g3 Nd2+ 39. Kg2 Re2 40. Nc5
Ne4 41. Nxe4+ fxe4 42. Ra3 hxg3 43. Kxg3 Ke5 44. Rc3 Rd2 45. Rxc7 Rd3+ 46. Kg4
Rf3 47. Rc2 Kxd5 48. h4 Ke5 49. h5 Rf8 50. Rc5+ Kd4 51. Rf5 Rg8+ 52. Kh4 Rg2 53.
h6 Rh2+ 54. Kg5 Kd3 55. Kg6 Rg2+ 56. Rg5 Rh2 57. h7 Ke2 58. Rh5 Rg2+ 59. Kf6
Rxf2+ 60. Ke7 e3 61. h8=Q Kd2 62. Qb2+ Ke1 63. Qc1+ Ke2 64. Rd5 Kf3 65. Qd1+ Re2
66. Rf5+ Ke4 67. Qxe2 Kxf5 68. Qxe3 Kg4 69. Kd6 Kh4 70. Qe5 Kg4 71. Kd5 Kf3 72.
Qe4+ Kf2 73. Kd4 Kf1 74. Qe3 1-0

[Event "Chess24 Banter Blitz Cup"]
[Site "chess24.com INT"]
[Date "2020.03.10"]
[Round "3.9"]
[White "Shimanov, Aleksandr"]
[Black "Bluebaum, Matthias"]
[Result "0-1"]
[WhiteTitle "GM"]
[BlackTitle "GM"]
[WhiteElo "2587"]
[BlackElo "2643"]
[WhiteFideId "4198603"]
[BlackFideId "24651516"]
[EventDate "2019.09.25"]
[EventType "blitz"]

1. e4 e6 2. c3 d5 3. e5 c5 4. Na3 Nc6 5. f4 Nh6 6. Nf3 Be7 7. Nc2 Nf5 8. d4 cxd4
9. cxd4 Nb4 10. Nxb4 Bxb4+ 11. Kf2 O-O 12. Bd3 Bd7 13. Bd2 Be7 14. Bc3 b5 15.
Qd2 a5 16. a3 Qb6 17. b4 axb4 18. axb4 Ra4 19. Bc2 Rxa1 20. Rxa1 Rc8 21. Ra3 h6
22. Bxf5 exf5 23. Ne1 Qb7 24. Nd3 Ra8 25. Qa2 Ra4 26. Nc5 Bxc5 27. dxc5 d4 28.
Bxd4 Qe4 29. Be3 Bc6 30. Rxa4 Qxg2+ 31. Ke1 Qh1+ 32. Kd2 bxa4 33. Kc3 Qe4 34.
Bd2 Bd5 35. Qxa4 Qc4+ 36. Kb2 Qd4+ 37. Bc3 Qxf4 38. Qe8+ Kh7 39. b5 Qf2+ 40. Ka3
Qxc5+ 41. Bb4 Qa7+ 42. Kb2 Qa2+ 43. Kc1 Qa1+ 44. Kc2 Be4+ 45. Kb3 Qb1+ 46. Kc4
Qc2+ 47. Kd4 Qxh2 48. b6 Qf2+ 49. Kc4 Qxb6 50. Bc3 Qa6+ 51. Kd4 Qd3+ 0-1

[Event "Chess24 Banter Blitz Cup"]
[Site "chess24.com INT"]
[Date "2020.03.10"]
[Round "3.10"]
[White "Bluebaum, Matthias"]
[Black "Shimanov, Aleksandr"]
[Result "0-1"]
[WhiteTitle "GM"]
[BlackTitle "GM"]
[WhiteElo "2643"]
[BlackElo "2587"]
[WhiteFideId "24651516"]
[BlackFideId "4198603"]
[EventDate "2019.09.25"]
[EventType "blitz"]

1. d4 g6 2. c4 Bg7 3. e4 d6 4. Nc3 e5 5. Nf3 Bg4 6. d5 a5 7. Be2 Na6 8. Be3 h5
9. Nd2 Bd7 10. a3 Bh6 11. Bxh6 Nxh6 12. Rb1 Nc5 13. b4 axb4 14. axb4 Na4 15. Qc1
Nxc3 16. Qxc3 Qg5 17. O-O O-O 18. c5 Ra2 19. Rb2 Rxb2 20. Qxb2 Bh3 21. Bf3 Bg4
22. Qc3 Bxf3 23. Nxf3 Qe7 24. cxd6 cxd6 25. Rc1 Ng4 26. h3 Nf6 27. Nd2 Ra8 28.
Qc4 Kg7 29. f3 Ne8 30. Nb3 Ra2 31. Rc2 Ra3 32. Nc1 Qg5 33. Qe2 Ra1 34. Qe1 h4
35. Qc3 Rb1 36. Kf2 Qg3+ 37. Kg1 Nf6 38. Kf1 Nh5 39. Rb2 Rxb2 40. Qxb2 Qh2 41.
Qf2 Ng3+ 42. Ke1 Qh1+ 43. Kd2 f5 44. exf5 gxf5 45. Kc2 Kf6 46. Nd3 f4 47. Kb2
Qd1 48. Kc3 Nf5 49. Qb6 Qa1+ 50. Kb3 Nd4+ 51. Kc4 Qa2+ 52. Kc3 Qc2# 0-1